[Event "24. OSREDNJA SLOVENSKA LIGA 2023"]
[Site "gostovanja"]
[Date "2023.10.05"]
[Round "3.1"]
[White "Siraj, Anej"]
[Black "Plaskan, Jure"]
[Result "0-1"]
[WhiteElo "2048"]
[BlackElo "2261"]
[PlyCount "74"]
[EventDate "2023.10.08"]
[WhiteTeam "SD VRHNIKA"]
[BlackTeam "SD DOMZALE"]

1. d4 Nf6 2. Nf3 c5 3. d5 b5 4. Bg5 d6 5. e3 Qa5+ 6. c3 Nbd7 7. Nbd2 Bb7 8. e4
g6 9. Bd3 Bg7 10. a4 bxa4 11. Rxa4 Qc7 12. O-O O-O 13. Qe2 Rfb8 14. Rfa1 Bc8
15. Bb5 Nb6 16. R4a2 Bd7 17. Bd3 a5 18. Nc4 a4 19. Nxb6 Rxb6 20. Nd2 Re8 21.
Bc2 e6 22. dxe6 Bxe6 23. Nc4 Rb7 24. Rxa4 Bxc4 25. Qxc4 Rxb2 26. Bb3 Qb7 27.
R4a3 Nxe4 28. Bc1 d5 29. Qxd5 Re2 30. Be3 Qxd5 31. Bxd5 Bxc3 32. Rd1 Bd4 33.
Bxf7+ Kf8 34. Bxe8 Rxf2 35. Bc6 Rf5 36. Kh1 Ng3+ 37. hxg3 Rh5+ 0-1

[Event "24. OSREDNJA SLOVENSKA LIGA 2023"]
[Site "gostovanja"]
[Date "2023.10.05"]
[Round "3.2"]
[White "Skok, Joze"]
[Black "Siraj, Svit"]
[Result "0-1"]
[WhiteElo "1930"]
[BlackElo "1914"]
[PlyCount "66"]
[EventDate "2023.10.08"]
[WhiteTeam "SD DOMZALE"]
[BlackTeam "SD VRHNIKA"]

1. e4 e5 2. Nf3 Nc6 3. Bb5 a6 4. Ba4 d6 5. d4 b5 6. Bb3 Nxd4 7. Nxd4 exd4 8.
Bd5 Rb8 9. Qxd4 Ne7 10. c3 c5 11. Qd3 Nxd5 12. exd5 Be7 13. O-O O-O 14. Bf4 Bb7
15. Bg3 c4 16. Qf3 Qb6 17. Na3 Qc5 18. Rad1 a5 19. Rfe1 Bf6 20. Qe3 Qxe3 21.
Rxe3 Rfd8 22. Nxb5 Ba6 23. Nc7 Bc8 24. Rde1 Bd7 25. R3e2 Ba4 26. b3 cxb3 27.
axb3 Bxb3 28. Bxd6 Bxc3 29. Rc1 Rxd6 30. Rxc3 Bxd5 31. h3 Bc6 32. Rec2 Bd7 33.
Na6 Rxa6 0-1

[Event "24. OSREDNJA SLOVENSKA LIGA 2023"]
[Site "gostovanja"]
[Date "2023.10.05"]
[Round "3.3"]
[White "Praznik, Anton"]
[Black "Zmaucar, Miha"]
[Result "1-0"]
[WhiteElo "2011"]
[BlackElo "1817"]
[PlyCount "67"]
[EventDate "2023.10.08"]
[WhiteTeam "SD VRHNIKA"]
[BlackTeam "SD DOMZALE"]

1. e4 d5 2. exd5 Nf6 3. d4 Bg4 4. Nf3 Qxd5 5. Be2 Nc6 6. h3 Qh5 7. O-O O-O-O 8.
hxg4 Nxg4 9. Bf4 Qf5 10. Bg3 h5 11. c3 e5 12. Qa4 e4 13. Nh4 Qh7 14. Qb5 g6 15.
f3 a6 16. Qa4 Nf6 17. Bxa6 Bd6 18. Bxb7+ Kxb7 19. Qb5+ Ka7 20. Qxc6 Bxg3 21.
Qxf6 e3 22. Na3 Rhe8 23. Qg5 Bxh4 24. Qxh4 Rd5 25. Rfe1 g5 26. Qg3 Kb7 27. Re2
h4 28. Qe1 h3 29. Rxe3 Rh8 30. g3 g4 31. fxg4 h2+ 32. Kh1 Qg6 33. Qe2 Qc6 34.
Qf3 1-0

[Event "24. OSREDNJA SLOVENSKA LIGA 2023"]
[Site "gostovanja"]
[Date "2023.10.05"]
[Round "3.4"]
[White "Cesnik, Sebastjan"]
[Black "Vodnik, Val"]
[Result "1/2-1/2"]
[WhiteElo "1000"]
[BlackElo "1556"]
[PlyCount "85"]
[EventDate "2023.10.08"]
[WhiteTeam "SD DOMZALE"]
[BlackTeam "SD VRHNIKA"]

1. e4 e5 2. Nf3 Nc6 3. Bb5 a6 4. Ba4 Nge7 5. c3 g6 6. d3 Bg7 7. O-O b5 8. Bb3
O-O 9. Bg5 Na5 10. Bc2 d6 11. h3 c5 12. Nbd2 Be6 13. b4 Nac6 14. Bb3 Qd7 15.
Bxe6 Qxe6 16. a3 h6 17. Be3 cxb4 18. axb4 f5 19. Qb3 Kf7 20. Qxe6+ Kxe6 21. Nb3
Rfc8 22. Bd2 Nb8 23. Rfe1 Ra7 24. d4 f4 25. dxe5 dxe5 26. Nc5+ Kf7 27. Re2 Nec6
28. Be1 Bf8 29. Nb3 Rd8 30. Kf1 Rad7 31. Na5 Ra7 32. Nb3 Kf6 33. Rd2 Rad7 34.
Ke2 g5 35. Na5 Nxa5 36. Rxa5 Bd6 37. Nh2 h5 38. f3 Bc7 39. Raa2 Bb6 40. Rxd7
Rxd7 41. Bd2 Rc7 42. Be1 Rd7 43. Rd2 1/2-1/2

[Event "24. OSREDNJA SLOVENSKA LIGA 2023"]
[Site "gostovanja"]
[Date "2023.10.05"]
[Round "3.1"]
[White "Zidar, Jernej"]
[Black "Skok, Boris"]
[Result "1/2-1/2"]
[WhiteElo "1976"]
[BlackElo "1938"]
[PlyCount "27"]
[EventDate "2023.10.08"]
[WhiteTeam "SK KOMENDA POPOTNIK"]
[BlackTeam "SD CRNI GRABEN"]

1. d4 Nf6 2. Nf3 e6 3. g3 b5 4. Bg2 Bb7 5. O-O c5 6. a4 b4 7. c4 cxd4 8. Qxd4
Na6 9. Bg5 Be7 10. Nbd2 h6 11. Bf4 d6 12. Be3 e5 13. Qh4 O-O 14. Ne1 1/2-1/2

[Event "24. OSREDNJA SLOVENSKA LIGA 2023"]
[Site "gostovanja"]
[Date "2023.10.05"]
[Round "3.2"]
[White "Hribar, Janez"]
[Black "Perme, Martin"]
[Result "0-1"]
[WhiteElo "1888"]
[BlackElo "1759"]
[PlyCount "48"]
[EventDate "2023.10.08"]
[WhiteTeam "SD CRNI GRABEN"]
[BlackTeam "SK KOMENDA POPOTNIK"]

1. d4 Nf6 2. Nf3 c5 3. e3 d5 4. c3 Nc6 5. Nbd2 Bf5 6. Qb3 Qc7 7. Nh4 Bg6 8. g3
e6 9. Nxg6 hxg6 10. Bg2 Bd6 11. dxc5 Bxc5 12. Nf3 Rb8 13. Qb5 Bd6 14. Ng5 Rh5
15. e4 dxe4 16. Qe2 Ke7 17. Nxe4 Nxe4 18. Bxe4 Rbh8 19. f4 g5 20. Bf3 R5h6 21.
fxg5 Bxg3+ 22. Kd1 Rxh2 23. Rxh2 Rxh2 24. Qe4 Qd6+ 0-1

[Event "24. OSREDNJA SLOVENSKA LIGA 2023"]
[Site "gostovanja"]
[Date "2023.10.05"]
[Round "3.3"]
[White "Cimperman, Teo"]
[Black "Osolin, Bogdan"]
[Result "1/2-1/2"]
[WhiteElo "1640"]
[BlackElo "1965"]
[PlyCount "50"]
[EventDate "2023.10.08"]
[WhiteTeam "SK KOMENDA POPOTNIK"]
[BlackTeam "SD CRNI GRABEN"]

1. e4 a6 2. d4 e6 3. Nf3 b5 4. Bg5 Be7 5. Bxe7 Qxe7 6. Bd3 Qb4+ 7. Nbd2 Qxb2 8.
O-O Qa3 9. Re1 Bb7 10. Nb3 d6 11. Qd2 Nc6 12. Qg5 g6 13. Qf4 h6 14. e5 Rd8 15.
d5 g5 16. Qg4 Nxe5 17. Nxe5 dxe5 18. dxe6 Nf6 19. exf7+ Kxf7 20. Qf5 Rhg8 21.
Rxe5 Bc8 22. Qf3 Rde8 23. Rae1 Rxe5 24. Rxe5 Qd6 25. Re1 Bd7 1/2-1/2

[Event "24. OSREDNJA SLOVENSKA LIGA 2023"]
[Site "gostovanja"]
[Date "2023.10.05"]
[Round "3.4"]
[White "Majcen, Zoran"]
[Black "Perme, Stanko"]
[Result "1-0"]
[WhiteElo "1800"]
[BlackElo "1033"]
[PlyCount "125"]
[EventDate "2023.10.08"]
[WhiteTeam "SD CRNI GRABEN"]
[BlackTeam "SK KOMENDA POPOTNIK"]

1. e4 e5 2. d4 exd4 3. Qxd4 Nc6 4. Qe3 g6 5. Bd2 Bg7 6. Nc3 d6 7. O-O-O Nf6 8.
f3 Be6 9. h4 Qe7 10. Nh3 O-O-O 11. Nf4 a6 12. g4 h6 13. Nxe6 Qxe6 14. g5 Nd7
15. Bh3 Qe7 16. Nd5 Qe5 17. Bc3 Qe8 18. Bxg7 Rg8 19. gxh6 Kb8 20. Bf6 Nxf6 21.
Nxf6 Qe5 22. Nxg8 Rxg8 23. Rd5 Qe7 24. Bg4 f5 25. Qg5 Qe6 26. Bh3 Nb4 27. Ra5
Qc4 28. Qd2 Nc6 29. Ra3 fxe4 30. h7 Rh8 31. Qc3 Ne5 32. Qxc4 Nxc4 33. Rc3 Ne5
34. fxe4 Rxh7 35. Bg2 Nc6 36. Rxc6 bxc6 37. Kd2 Rh5 38. b4 Kb7 39. Bf3 Re5 40.
h5 gxh5 41. Rxh5 Rxh5 42. Bxh5 Kb6 43. Be2 a5 44. Kc3 axb4+ 45. Kxb4 c5+ 46.
Kc4 c6 47. Bf3 Kc7 48. e5 dxe5 49. Kxc5 Kb7 50. Bxc6+ Ka6 51. Bb5+ Kb7 52. Kd5
Kb6 53. c4 e4 54. a4 e3 55. c5+ Kc7 56. Kd4 e2 57. Bxe2 Kc6 58. Bb5+ Kc7 59.
Kd5 Kb7 60. Kd6 Kc8 61. c6 Kd8 62. c7+ Kc8 63. Ba6# 1-0

[Event "24. OSREDNJA SLOVENSKA LIGA 2023"]
[Site "gostovanja"]
[Date "2023.10.05"]
[Round "3.1"]
[White "Lah, Emil"]
[Black "Veskovic, Dzemal"]
[Result "1-0"]
[WhiteElo "1937"]
[BlackElo "1824"]
[PlyCount "63"]
[EventDate "2023.10.08"]
[WhiteTeam "SK TRZIN BUSCOTRADE"]
[BlackTeam "SD MENGES-TRZIN"]

1. e4 e6 2. d3 Be7 3. Nf3 d6 4. g3 Nd7 5. Bg2 c6 6. c3 Ngf6 7. O-O O-O 8. Be3
h6 9. h3 Nh7 10. Nbd2 e5 11. d4 Ng5 12. h4 Nxf3+ 13. Nxf3 b6 14. Qd2 Bf6 15.
Nh2 c5 16. Ng4 cxd4 17. Nxf6+ Qxf6 18. cxd4 Qe7 19. Rfc1 Nf6 20. d5 Bb7 21. f3
Rac8 22. Bh3 Nd7 23. b4 Rxc1+ 24. Rxc1 Rc8 25. Rxc8+ Bxc8 26. Qc1 Ba6 27. Qc7
Bb5 28. Qxa7 Qf6 29. Kf2 Nf8 30. Qxb6 Bd3 31. Kg2 h5 32. Bg5 1-0

[Event "24. OSREDNJA SLOVENSKA LIGA 2023"]
[Site "gostovanja"]
[Date "2023.10.05"]
[Round "3.2"]
[White "Sedlar, Tomo"]
[Black "Raspor, Gregor"]
[Result "0-1"]
[WhiteElo "1783"]
[BlackElo "2007"]
[PlyCount "128"]
[EventDate "2023.10.08"]
[WhiteTeam "SD MENGES-TRZIN"]
[BlackTeam "SK TRZIN BUSCOTRADE"]

1. d4 Nf6 2. c4 e6 3. Nc3 Bb4 4. Bf4 O-O 5. e3 b6 6. Nf3 d5 7. Qb3 c5 8. Be2
Nc6 9. a3 Na5 10. Qc2 Bxc3+ 11. Qxc3 Nxc4 12. Bxc4 dxc4 13. Qxc4 cxd4 14. Qxd4
Bb7 15. Bg5 Qxd4 16. exd4 Bxf3 17. gxf3 Nd5 18. Ke2 Rfc8 19. Rac1 Kf8 20. Kd3
Ke8 21. h4 h5 22. Bd2 Kd7 23. Rhg1 Rxc1 24. Bxc1 g6 25. Bd2 Rc8 26. Bg5 Rc6 27.
Re1 f6 28. Bd2 Ke7 29. Rg1 Kf7 30. Re1 Ne7 31. Be3 Nf5 32. Rb1 Rc7 33. Kd2 Rd7
34. Kc3 Rd8 35. Kc4 a6 36. Kc3 b5 37. Kb4 Rc8 38. Ka5 Rc6 39. a4 bxa4 40. Kxa4
Rc2 41. b4 Ne7 42. Kb3 Rc6 43. Ra1 Nd5 44. Ra5 Rc3+ 45. Kb2 Rc4 46. Rxa6 Rxb4+
47. Kc2 Rb7 48. Kd2 Rb2+ 49. Kc1 Rb7 50. Kd2 Ne7 51. Ra1 Nf5 52. Rh1 Ra7 53.
Kd3 Ra3+ 54. Ke4 Ra4 55. Kd3 Ke7 56. Ke4 Kd7 57. f4 Kd6 58. Rb1 Nxh4 59. Rb6+
Kd7 60. Rb7+ Kc6 61. Rf7 Kd6 62. Rb7 Ra6 63. Rf7 Ra3 64. d5 exd5+ 0-1

[Event "24. OSREDNJA SLOVENSKA LIGA 2023"]
[Site "gostovanja"]
[Date "2023.10.05"]
[Round "3.3"]
[White "Krumpak, Hinko"]
[Black "Simicak, Metod"]
[Result "1-0"]
[WhiteElo "2008"]
[BlackElo "1741"]
[PlyCount "71"]
[EventDate "2023.10.08"]
[WhiteTeam "SK TRZIN BUSCOTRADE"]
[BlackTeam "SD MENGES-TRZIN"]

1. Nf3 d5 2. g3 Nc6 3. c4 Bg4 4. Bg2 e5 5. Qa4 Bxf3 6. Bxf3 Nf6 7. Nc3 Qd7 8.
Nxd5 Nxd5 9. Bxd5 Nd8 10. Qxd7+ Kxd7 11. d3 c6 12. Bg2 Bb4+ 13. Bd2 Bxd2+ 14.
Kxd2 Kd6 15. b4 Ne6 16. Kc3 Rab8 17. e3 Rhd8 18. d4 exd4+ 19. exd4 b6 20. d5
cxd5 21. Bxd5 Nc7 22. Bxf7 Rf8 23. Rad1+ Ke7 24. Rhe1+ Kf6 25. Bd5 g5 26. Bc6
Rf7 27. Rd7 Rbf8 28. Rxf7+ Rxf7 29. Rd1 Ke6 30. f3 h5 31. Rd4 a6 32. Kd3 Rf6
33. Ke4 h4 34. c5 bxc5 35. bxc5 Rf8 36. Rd6+ 1-0

[Event "24. OSREDNJA SLOVENSKA LIGA 2023"]
[Site "gostovanja"]
[Date "2023.10.05"]
[Round "3.4"]
[White "Grasic, Marjan"]
[Black "Rojs, Igor"]
[Result "1/2-1/2"]
[WhiteElo "1625"]
[BlackElo "1909"]
[PlyCount "162"]
[EventDate "2023.10.08"]
[WhiteTeam "SD MENGES-TRZIN"]
[BlackTeam "SK TRZIN BUSCOTRADE"]

1. g3 e5 2. Bg2 d5 3. e3 c6 4. d3 f5 5. b3 Nf6 6. Bb2 Bd6 7. Ne2 O-O 8. O-O b5
9. f4 Ng4 10. Qd2 Qb6 11. d4 e4 12. b4 a5 13. c3 Rf7 14. h3 Nh6 15. Nc1 Rfa7
16. a3 axb4 17. cxb4 Ra4 18. Bc3 Na6 19. Na2 Nf7 20. Qb2 Be7 21. Nd2 Nd6 22.
Rfb1 Nb8 23. Nc1 Qa7 24. Ncb3 Rxa3 25. Na5 Rxa1 26. Rxa1 Nc4 27. Ndxc4 bxc4 28.
Nb3 Qb7 29. Nc5 Rxa1+ 30. Qxa1 Qc7 31. Kf2 Kf7 32. Bf1 Nd7 33. Be2 Bf6 34. Bd1
Qb8 35. Qa5 Nxc5 36. Qxc5 Bd7 37. Ba4 Be7 38. Qa5 Qb7 39. Bd1 Bc8 40. h4 Qa6
41. Ke2 Qxa5 42. bxa5 Ke6 43. Kd2 Kd7 44. Ba4 Kc7 45. Bd1 Kb7 46. Ba4 Bd7 47.
Bd1 Ka6 48. Bc2 Bd8 49. Bd1 h6 50. Bc2 g5 51. hxg5 hxg5 52. Bd1 gxf4 53. gxf4
Bxa5 54. Bxa5 Kxa5 55. Kc3 Be8 56. Be2 Kb5 57. Bd1 c5 58. dxc5 Kxc5 59. Be2 Kd6
60. Kd4 Ke6 61. Bd1 Bf7 62. Ba4 Kf6 63. Bd1 Kg6 64. Be2 Kh6 65. Bd1 Bh5 66. Ba4
Be2 67. Kxd5 Kh5 68. Kd4 Kg4 69. Bd7 Bd3 70. Be6 Kf3 71. Bxf5 Ke2 72. Be6 Kd2
73. f5 c3 74. Bb3 Bb5 75. f6 Be8 76. Kxe4 Bf7 77. Ba4 Ke2 78. Kd4 Kf3 79. Bc2
Be8 80. e4 Kf4 81. e5 Bf7 1/2-1/2

[Event "24. OSREDNJA SLOVENSKA LIGA 2023"]
[Site "gostovanja"]
[Date "2023.10.05"]
[Round "3.1"]
[White "Susnik, Matej"]
[Black "Baric, Dusan"]
[Result "1-0"]
[WhiteElo "2003"]
[BlackElo "1943"]
[PlyCount "73"]
[EventDate "2023.10.08"]
[WhiteTeam "SD TOMO ZUPAN"]
[BlackTeam "SK VISNJA GORA - STICNA"]

1. e4 c5 2. Nf3 d6 3. d4 cxd4 4. Nxd4 Nc6 5. Nc3 e6 6. Be3 Be7 7. Qd2 Nf6 8. f3
a6 9. O-O-O O-O 10. g4 Nxd4 11. Bxd4 e5 12. Be3 Be6 13. Kb1 b5 14. h4 Rc8 15.
h5 Nd7 16. g5 Re8 17. g6 Qa5 18. Nd5 Qxd2 19. Nxe7+ Rxe7 20. Rxd2 Rc6 21. gxh7+
Kxh7 22. Bd3 Nc5 23. h6 g6 24. Bg5 Rec7 25. Bf6 Nd7 26. Bg7 f5 27. Rhd1 Rb7 28.
c3 f4 29. Bc2 Rbb6 30. Bb3 Bxb3 31. axb3 Nc5 32. Bf8 Ne6 33. Bxd6 Kxh6 34. Bxe5
g5 35. Rh2+ Kg6 36. Rdh1 Nf8 37. Bd4 1-0

[Event "24. OSREDNJA SLOVENSKA LIGA 2023"]
[Site "gostovanja"]
[Date "2023.10.05"]
[Round "3.2"]
[White "Lesjak, Damjan"]
[Black "Markun, Ozbej"]
[Result "0-1"]
[WhiteElo "1804"]
[BlackElo "1911"]
[PlyCount "74"]
[EventDate "2023.10.08"]
[WhiteTeam "SK VISNJA GORA - STICNA"]
[BlackTeam "SD TOMO ZUPAN"]

1. d4 Nf6 2. c4 g6 3. Nc3 Bg7 4. Bg5 h6 5. Bxf6 Bxf6 6. Nf3 d6 7. e3 O-O 8. Be2
Nd7 9. O-O Bg7 10. Qc2 e5 11. Rad1 c6 12. b4 Qe7 13. a4 a5 14. b5 Nf6 15. dxe5
dxe5 16. Nd2 Rd8 17. Bf3 Bf5 18. Nde4 Nd7 19. Qb3 Bxe4 20. Nxe4 f5 21. c5+ Kh7
22. Rxd7 Qxd7 23. bxc6 bxc6 24. Rd1 Qc7 25. Nd6 e4 26. Be2 Rd7 27. g4 Rf8 28.
gxf5 gxf5 29. Qe6 Rdf7 30. Qc4 Be5 31. f4 exf3 32. Bxf3 Rg7+ 33. Kh1 Qe7 34.
Qd3 Qg5 35. Nxf5 Rxf5 36. Be4 Kg8 37. Bxf5 Qg2# 0-1

[Event "24. OSREDNJA SLOVENSKA LIGA 2023"]
[Site "gostovanja"]
[Date "2023.10.05"]
[Round "3.3"]
[White "Demsar, Maks"]
[Black "Kamensek, Ivan"]
[Result "1-0"]
[WhiteElo "1532"]
[BlackElo "1644"]
[PlyCount "75"]
[EventDate "2023.10.08"]
[WhiteTeam "SD TOMO ZUPAN"]
[BlackTeam "SK VISNJA GORA - STICNA"]

1. e4 c5 2. Nf3 d6 3. d4 cxd4 4. Nxd4 Nf6 5. Nc3 a6 6. h3 e5 7. Nde2 Nc6 8. g4
Be7 9. Be3 O-O 10. Ng3 Be6 11. Bg2 Qa5 12. O-O Bd8 13. Nf5 Bxf5 14. gxf5 Be7
15. Bg5 h6 16. Bxf6 Bxf6 17. Nd5 Qd8 18. Qd3 Ne7 19. Nxf6+ gxf6 20. Rad1 Nc8
21. Kh1 Kh7 22. Bf3 Rg8 23. Bh5 Qe7 24. Qb3 Rg7 25. Rg1 Na7 26. Rxg7+ Kxg7 27.
Rg1+ Kh8 28. Bxf7 Nc6 29. Rg6 Qf8 30. Qg3 Ne7 31. Rxf6 Qg7 32. Qh4 Kh7 33. Rxd6
Qxf7 34. Rxh6+ Kg7 35. Rh7+ Kf8 36. Rxf7+ Kxf7 37. Qh7+ Ke8 38. f6 1-0

[Event "24. OSREDNJA SLOVENSKA LIGA 2023"]
[Site "gostovanja"]
[Date "2023.10.05"]
[Round "3.4"]
[White "Jancigaj, Saso Valentin"]
[Black "Smirnov, Maksim"]
[Result "0-1"]
[WhiteElo "1673"]
[BlackElo "1491"]
[PlyCount "57"]
[EventDate "2023.10.08"]
[WhiteTeam "SK VISNJA GORA - STICNA"]
[BlackTeam "SD TOMO ZUPAN"]

1. f4 c6 2. Nf3 d5 3. d4 Nf6 4. e3 Bf5 5. Nbd2 e6 6. Be2 h6 7. Ne5 Nbd7 8. Ndf3
Nxe5 9. Nxe5 Bd6 10. O-O O-O 11. Bd3 Bxd3 12. cxd3 Bxe5 13. fxe5 Nd7 14. Bd2
Qb6 15. b4 Qc7 16. Qg4 Rfe8 17. e4 Kh7 18. Rf3 f6 19. Rg3 Re7 20. Qg6+ Kh8 21.
Rh3 Rf7 22. Rg3 Nf8 23. Qh5 fxe5 24. dxe5 Qb6+ 25. Kh1 Qd4 26. Rd1 dxe4 27.
dxe4 Qxd2 28. h3 Qf2 29. Rg4 {nejasno (31)} 0-1

[Event "24. OSREDNJA SLOVENSKA LIGA 2023"]
[Site "gostovanja"]
[Date "2023.10.05"]
[Round "3.1"]
[White "Keber, Aljosa"]
[Black "Borstar, Dusan"]
[Result "1-0"]
[WhiteElo "1861"]
[BlackElo "1691"]
[PlyCount "87"]
[EventDate "2023.10.08"]
[WhiteTeam "SK KOMENDA POGI"]
[BlackTeam "SK LJUBLJANA"]

1. e4 c5 2. Nf3 d6 3. Bb5+ Bd7 4. c4 Qc7 5. Nc3 e6 6. O-O a6 7. Bxd7+ Nxd7 8.
d3 Ngf6 9. h3 Be7 10. Re1 h6 11. b3 Nh7 12. d4 cxd4 13. Nxd4 Nhf6 14. Bb2 g5
15. Nf3 Rg8 16. e5 dxe5 17. Qe2 g4 18. Nxe5 gxh3 19. g3 Nxe5 20. Qxe5 Qc6 21.
Nd5 h2+ 22. Kg2 Rc8 23. f3 Nxd5 24. cxd5 Qxd5 25. Qxd5 exd5 26. Ba3 Rc2+ 27.
Kh1 Rc7 28. Kxh2 Rg6 29. Rad1 Re6 30. Bxe7 Kxe7 31. Rxe6+ fxe6 32. Rd2 Rc3 33.
f4 Kf6 34. Kh3 Kf5 35. Re2 d4 36. Re5+ Kf6 37. Re4 Rd3 38. Kg4 b5 39. b4 Rd2
40. Kf3 Rd3+ 41. Kg4 Rd2 42. Kf3 Rxa2 43. Rxd4 h5 44. Re4 1-0

[Event "24. OSREDNJA SLOVENSKA LIGA 2023"]
[Site "gostovanja"]
[Date "2023.10.05"]
[Round "3.2"]
[White "Sfiligoj, Anze"]
[Black "Babarovic, Fran"]
[Result "1-0"]
[WhiteElo "1651"]
[BlackElo "1653"]
[PlyCount "87"]
[EventDate "2023.10.08"]
[WhiteTeam "SK LJUBLJANA"]
[BlackTeam "SK KOMENDA POGI"]

1. e4 e5 2. f4 exf4 3. Nf3 Ne7 4. d4 Ng6 5. Bc4 Be7 6. O-O Nc6 7. Nc3 O-O 8.
Nd5 d6 9. Nxf4 Bf6 10. c3 Bg4 11. Qd3 Na5 12. Nxg6 hxg6 13. Bb3 Nxb3 14. axb3
d5 15. e5 Bf5 16. Qb5 Be7 17. Qxb7 Rb8 18. Qxa7 Rxb3 19. Nd2 Rb6 20. b4 Qc8 21.
Nb3 Bd3 22. Rf2 Ra6 23. Rxa6 Qxa6 24. Qxa6 Bxa6 25. Na5 Bb5 26. g3 c6 27. h4
Ra8 28. Bg5 Bxg5 29. hxg5 Kf8 30. Nb7 Ke7 31. Nd6 Rf8 32. Ra2 Ke6 33. Nxb5 cxb5
34. g4 Kd7 35. Ra6 Kc7 36. Kf2 Rb8 37. e6 fxe6 38. Rxe6 Rf8+ 39. Ke3 Rf1 40.
Rxg6 Rg1 41. Kf4 Rc1 42. Ke5 Rxc3 43. Kxd5 Kd8 44. Rxg7 1-0

[Event "24. OSREDNJA SLOVENSKA LIGA 2023"]
[Site "gostovanja"]
[Date "2023.10.05"]
[Round "3.3"]
[White "Macek, Inti"]
[Black "Golob, David"]
[Result "1/2-1/2"]
[WhiteElo "1472"]
[BlackElo "1500"]
[PlyCount "129"]
[EventDate "2023.10.08"]
[WhiteTeam "SK KOMENDA POGI"]
[BlackTeam "SK LJUBLJANA"]

1. d4 d5 2. Nf3 Bf5 3. c4 Nf6 4. Nc3 c6 5. Qb3 Bc8 6. e3 g6 7. Bd2 Bg7 8. cxd5
cxd5 9. Bb5+ Nc6 10. Ne5 Qd6 11. O-O O-O 12. Bxc6 bxc6 13. Qa4 Bd7 14. Ne2 Rfb8
15. Nxd7 Nxd7 16. Rab1 Nb6 17. Qb4 Qd7 18. Qc3 Rb7 19. b3 Rc8 20. Qd3 Qg4 21.
h3 Qh4 22. Rfc1 e6 23. Rc3 Nd7 24. Rbc1 c5 25. R3c2 Rbc7 26. dxc5 Rxc5 27. Rxc5
Rxc5 28. Rxc5 Nxc5 29. Qc2 Ne4 30. Be1 Qe7 31. f3 Nf6 32. Nd4 Qd7 33. Qc6 e5
34. Qxd7 Nxd7 35. Nc6 a6 36. Ne7+ Kf8 37. Nxd5 f5 38. Bb4+ Kf7 39. Nc7 Nb8 40.
Bd6 a5 41. Nb5 Nc6 42. Na3 Ke6 43. Nc4 e4 44. f4 Nb4 45. Bxb4 axb4 46. Kf2 Kd5
47. Ke2 Bf6 48. Kd2 Bh4 49. Kc2 h6 50. Ne5 g5 51. Ng6 Bg3 52. fxg5 hxg5 53.
Ne7+ Ke6 54. Nc6 Bd6 55. Nd4+ Kf6 56. Kd2 Bc5 57. Nc2 Ke5 58. Ke2 f4 59. Kf2
Kf5 60. g4+ fxg3+ 61. Kxg3 Bd6+ 62. Kg2 Bc5 63. Kg3 Bd6+ 64. Kg2 Bc5 65. Kg3
1/2-1/2

[Event "24. OSREDNJA SLOVENSKA LIGA 2023"]
[Site "gostovanja"]
[Date "2023.10.05"]
[Round "3.4"]
[White "Lovric, Tit"]
[Black "Zagar, Katarina"]
[Result "1-0"]
[WhiteElo "1000"]
[BlackElo "1149"]
[PlyCount "117"]
[EventDate "2023.10.08"]
[WhiteTeam "SK LJUBLJANA"]
[BlackTeam "SK KOMENDA POGI"]

1. e4 e5 2. Nf3 Nc6 3. Nc3 Nf6 4. Bb5 Bb4 5. O-O d6 6. Nd5 Bc5 7. d3 h6 8. h3
Bd7 9. a3 a6 10. Ba4 b5 11. Bb3 O-O 12. Re1 Re8 13. Bd2 Nd4 14. Nxd4 Bxd4 15.
c3 Ba7 16. Qf3 Be6 17. Nxf6+ Qxf6 18. Qxf6 gxf6 19. Bxe6 Rxe6 20. Bxh6 f5 21.
Bd2 fxe4 22. Rxe4 Rf6 23. Rg4+ Kf8 24. d4 exd4 25. cxd4 Rg6 26. Re4 Re8 27.
Rxe8+ Kxe8 28. Re1+ Kd7 29. d5 Rf6 30. Rf1 Rf5 31. g4 Rxd5 32. Be3 Bxe3 33.
fxe3 Ke6 34. Rf2 Rd3 35. Rf3 d5 36. Kf2 Rd2+ 37. Kg3 Rxb2 38. h4 Rb3 39. h5 f6
40. g5 fxg5 41. h6 d4 42. h7 Rxe3 43. Rxe3+ dxe3 44. h8=Q c5 45. Qe8+ Kd5 46.
Qxe3 Kc4 47. Qe6+ Kc3 48. Qxa6 b4 49. axb4 cxb4 50. Qf6+ Kc2 51. Qf5+ Kc3 52.
Qe5+ Kc2 53. Qe2+ Kc3 54. Kf3 b3 55. Ke3 g4 56. Qd3+ Kb2 57. Kd2 Ka1 58. Qxb3
g3 59. Kc2 1-0

[Event "24. OSREDNJA SLOVENSKA LIGA 2023"]
[Site "gostovanja"]
[Date "2023.10.05"]
[Round "3.1"]
[White "Porenta, Matija"]
[Black "Butala, Marjan"]
[Result "*"]
[WhiteElo "1769"]
[BlackElo "1897"]
[PlyCount "179"]
[EventDate "2023.10.08"]
[WhiteTeam "SD MEDVODE"]
[BlackTeam "KPSRD KAREL JERAJ"]

1. e4 e5 2. Nf3 Nc6 3. Bc4 Be7 4. d3 Nf6 5. h3 d6 6. Nc3 Na5 7. Bb3 Nxb3 8.
axb3 c5 9. Be3 O-O 10. O-O Bd7 11. Qd2 Bc6 12. Rad1 Qc7 13. Rfe1 Rfe8 14. Bg5
g6 15. Rf1 Nh5 16. Bxe7 Qxe7 17. Ne2 d5 18. exd5 Bxd5 19. Qe3 f5 20. Nc3 Bc6
21. Rfe1 Bxf3 22. Qxf3 Rad8 23. g3 Nf6 24. Re3 e4 25. dxe4 Rxd1+ 26. Qxd1 fxe4
27. Nd5 Nxd5 28. Qxd5+ Qf7 29. Qxc5 Qd7 30. Kg2 b6 31. Qc4+ Kg7 32. Rxe4 Qb7
33. f3 Rc8 34. Qe2 Rc7 35. c3 Qd5 36. Rd4 Qf5 37. f4 Kf7 38. Qe4 Qf6 39. Qd5+
Kg7 40. Qe5 Qxe5 41. fxe5 Re7 42. Rd5 Kf7 43. Kf3 Ke6 44. Ke4 Rf7 45. Rd6+ Ke7
46. Rf6 Rxf6 47. exf6+ Kxf6 48. Kd5 Kf5 49. Kc6 g5 50. Kb7 g4 51. hxg4+ Kxg4
52. Kxa7 Kxg3 53. Kxb6 h5 54. c4 h4 55. c5 h3 56. c6 h2 57. c7 h1=Q 58. c8=Q
Qh6+ 59. Kb5 Qd6 60. b4 Qe5+ 61. Kb6 Qxb2 62. b5 Qb3 63. Qc6 Kg4 64. Kb7 Qf7+
65. Kb8 Qf4+ 66. Qc7 Qb4 67. b6 Kf3 68. Qc6+ Kg3 69. Qf6 Qb5 70. b7 Kh3 71. Kc7
Qc5+ 72. Qc6 Qe5+ 73. Qd6 Qa5+ 74. Kc8 Qc3+ 75. Qc7 Qh8+ 76. Kd7 Qg7+ 77. Kc6
Qc3+ 78. Kb6 Qb3+ 79. Ka6 Qa3+ 80. Qa5 Qd3+ 81. Ka7 Qe3+ 82. Ka8 Qf3 83. Qd8
Qa3+ 84. Kb8 Kg2 85. Qd5+ Kg1 86. Qg8+ Kh2 87. Qh7+ Kg3 88. Qg6+ Kh3 89. Qe6+
Kg2 90. Kc7 {nejasno (110)} *

[Event "24. OSREDNJA SLOVENSKA LIGA 2023"]
[Site "gostovanja"]
[Date "2023.10.05"]
[Round "3.2"]
[White "Mlacnik, Janez"]
[Black "Jese, Janez"]
[Result "1-0"]
[WhiteElo "1809"]
[BlackElo "1718"]
[PlyCount "61"]
[EventDate "2023.10.08"]
[WhiteTeam "KPSRD KAREL JERAJ"]
[BlackTeam "SD MEDVODE"]

1. d4 Nf6 2. Nf3 e6 3. Nbd2 c5 4. e3 d5 5. b3 Nc6 6. Bb2 a6 7. Bd3 Nb4 8. Be2
b5 9. O-O Bb7 10. c4 bxc4 11. bxc4 cxd4 12. Nxd4 Bd6 13. Rc1 Rc8 14. a3 Nc6 15.
cxd5 Nxd5 16. Nxc6 Rxc6 17. Rxc6 Bxc6 18. Qc2 Bb7 19. Bxa6 Bxa6 20. Qc6+ Ke7
21. Qxa6 Qc7 22. Nf3 f6 23. Rc1 Qb8 24. Bd4 g5 25. Nxg5 Rg8 26. Nf3 e5 27. Ba7
Qd8 28. Qb7+ Nc7 29. Bb6 Kd7 30. Bxc7 Bxc7 31. Rd1+ 1-0

[Event "24. OSREDNJA SLOVENSKA LIGA 2023"]
[Site "gostovanja"]
[Date "2023.10.05"]
[Round "3.3"]
[White "Krupenko, Katja"]
[Black "Kutin, Dusan"]
[Result "1/2-1/2"]
[WhiteElo "1526"]
[BlackElo "1721"]
[PlyCount "72"]
[EventDate "2023.10.08"]
[WhiteTeam "SD MEDVODE"]
[BlackTeam "KPSRD KAREL JERAJ"]

1. d4 d5 2. c4 c6 3. Nc3 Nf6 4. Nf3 e6 5. Bf4 h6 6. e3 Nbd7 7. Bd3 Nh5 8. Bg3
Nxg3 9. hxg3 Be7 10. Qc2 dxc4 11. Bxc4 Nb6 12. Bb3 Nd5 13. O-O O-O 14. Rad1 Nb4
15. Qd2 a5 16. a3 Nd5 17. Bc2 Nxc3 18. Qxc3 Qc7 19. Qd3 g6 20. Ne5 Bf6 21. f4
b6 22. Qc3 c5 23. Be4 Ba6 24. Rf2 Rac8 25. dxc5 Bxe5 26. fxe5 Qxc5 27. Qd4 Kg7
28. Rfd2 h5 29. b4 axb4 30. axb4 Qxd4 31. exd4 Rfd8 32. d5 exd5 33. Bxd5 Rc7
34. e6 fxe6 35. Bxe6 Rxd2 36. Rxd2 Bc8 1/2-1/2